KOHA-Header-6

Codes, Puzzles, and Cospiracy (Record no. 6893)

000 -LEADER
fixed length control field 00257nam a2200109Ia 4500
100 ## - MAIN ENTRY--AUTHOR NAME
Personal name Dennis Shasha
245 #0 - TITLE STATEMENT
Title Codes, Puzzles, and Cospiracy
260 ## - PUBLICATION, DISTRIBUTION, ETC. (IMPRINT)
Place of publication USA
Name of publisher Pearson
Year of publication 1992
300 ## - PHYSICAL DESCRIPTION
Number of Pages 242
942 ## - ADDED ENTRY ELEMENTS (KOHA)
Koha item type Books
Holdings
Withdrawn status Lost status Collection code Permanent Location Current Location Shelving location Date acquired Full call number Accession Number Koha item type
    English Literature MAJU MAJU Shelf No.A15 2019-09-11 297.23 398 English Literature

Powered by Koha